Frases y comentarios que te harán vivir / (Registro nro. 7331)

Detalles MARC
000 -LIDER
fixed length control field 01139nam a2200349 a 4500
001 - NÚMERO DE CONTROL
Identificador de número de control 000004059
003 - IDENTIFICACDOR DE NÚMERO DE CONTROL
control field DO-SdBNP
005 - DATE AND TIME OF LATEST TRANSACTION
control field 20170922121556.0
007 - CAMPOS FIJOS DE DESCRIPCIÓN FÍSICA
fixed length control field 000004059
008 - ELEMENTOS DE LONGITUD FIJA
fixed length control field 090716s2008 dr 001 0 spa d
020 ## - ISBN
International Standard Book Number 9789945860269
040 ## - FUENTE DE CATALOGACIÓN
Agencia que crea de manera original el registro BPMSU
Idioma de catalogación spa
Agencia que realiza la transcripción BPMSU
092 ## - LOCALLY ASSIGNED DEWEY DECIMAL CALL NUMBER
Número de clasificación 158.1
Número de ítem (Cutter) R766f
100 1# - ASIENTO PRINCIPAL -- NOMBRE PERSONAL
Nombre personal Román R., Rafael Antonio
245 10 - MENCIÓN DE TITULO
Título Frases y comentarios que te harán vivir /
Mención de responsabilidad Rafael Antonio Román R.
260 ## - PUBLICACIÓN, DISTRIBUCIÓN, ETC. (PIE DE IMPRENTA)
Lugar de publicación, distribución, etc Santo Domingo :
Nombre del editor, distribuidor, etc. Cuesta-Velíz,
Fecha de publicación, distribución, etc 2008.
300 ## - DESCRIPCIÓN FÍSICA
Extensión 116 p. ;
Dimensiones 22 cm.
500 ## - NOTA GENERAL
Nota general Incluye índice
504 ## - NOTA DE BIBLIOGRAFÍA, ETC.
Bibliography, etc Incluye bibliografía (p. 113)
590 ## - NOTA LOCAL
Texto de la nota local La biblioteca posee un ejemplar autografiado por el autor
650 14 - ENCABEZAMIENTO DE MATERIA--TEMÁTICO
Término temático o nombre geográfico como elemento de entrada TÉCNICAS DE AUTOAYUDA
650 14 - ENCABEZAMIENTO DE MATERIA--TEMÁTICO
Término temático o nombre geográfico como elemento de entrada AUTORREALIZACIÓN (PSICOLOGÍA)
650 14 - ENCABEZAMIENTO DE MATERIA--TEMÁTICO
Término temático o nombre geográfico como elemento de entrada CONFIANZA EN SÍ MISMO
650 14 - ENCABEZAMIENTO DE MATERIA--TEMÁTICO
Término temático o nombre geográfico como elemento de entrada ÉXITO
910 ## - VALIDACIÓN
Validación Validado. Control de calidad BNPHU
930 #1 - EQUIVALENCE OR CROSS-REFERENCE-UNIFORM TITLE HEADING [LOCAL, CANADA]
Language of a work BND01
Medium of performance for music LF1
Medium 158.1
Field link and sequence number 20090716
Date of a work 01
Name of part/section of a work HD
Miscellaneous information 1139
942 ## - ADDED ENTRY ELEMENTS (KOHA)
Source of classification or shelving scheme Dewey Decimal Classification
Koha item type Libros
945 ## - INFORMACIÓN DE PROCESAMIENTO LOCAL
Información de procesamiento local Inventariado, 2017/MFF
956 ## - LOCAL ELECTRONIC LOCATION AND ACCESS (OCLC)
Nombre de host SARMENTERO
Número de acceso 10
Información de compresión 20090716
Inicio de sesión BND01
Procesador de solicitud 1242
956 ## - LOCAL ELECTRONIC LOCATION AND ACCESS (OCLC)
Nombre de host BTAVAREZ
Número de acceso 10
Información de compresión 20090720
Inicio de sesión BND01
Procesador de solicitud 1444
956 ## - LOCAL ELECTRONIC LOCATION AND ACCESS (OCLC)
Nombre de host MMOLINA
Número de acceso 40
Información de compresión 20090803
Inicio de sesión BND01
Procesador de solicitud 1441
Existencias
Withdrawn status Lost status Source of classification or shelving scheme Damaged status Not for loan Home library Current library Date acquired Total Checkouts Full call number Barcode Date last seen Price effective from Koha item type Copy number
    Dewey Decimal Classification     Biblioteca Pública Metropolitana Salomé Ureña Biblioteca Pública Metropolitana Salomé Ureña 02/04/2015   158.1 R766f BPMSU15041034 02/04/2015 02/04/2015 Libros  
    Dewey Decimal Classification     Biblioteca Pública Metropolitana Salomé Ureña Biblioteca Pública Metropolitana Salomé Ureña 02/17/2015   158.1 R766f BPMSU15041035 02/17/2015 02/17/2015 Libros ej. 2